00354pab a2200133 454500008004000000100002800040245004700068260000900115300001200124362001100136650003000147650002800177773001500205180718b1996 xxu||||| |||| 00| 0 eng d aChatterjee, Arun Prakas aUnited Front of leftists with the Congress c1996 ap.15-16 a29 Jun aPolitical parties - India aPolitics and government aMainstream